[Event "N֖ Landesliga 2015/16"]
[Site "?"]
[Date "2015.12.13"]
[Round "5.2"]
[White "Piringer, Florian"]
[Black "Knoll, Hermann"]
[Result "1-0"]
[WhiteElo "2118"]
[BlackElo "2309"]
[PlyCount "141"]
[EventDate "2015.09.27"]

1. e4 e5 2. Nf3 Nc6 3. Bb5 a6 4. Bxc6 dxc6 5. O-O Be6 6. d4 exd4 7. Nxd4 Bc4 8.
Re1 c5 9. Nf5 Qxd1 10. Rxd1 g6 11. Ne3 Be6 12. Bd2 O-O-O 13. Bc3 Rxd1+ 14. Nxd1
f6 15. Nd2 Bg7 16. Ne3 Ne7 17. Nb3 b6 18. Rd1 a5 19. f3 a4 20. Nc1 Re8 21. Kf2
Rf8 22. Ne2 Bh6 23. Bd2 Rd8 24. Ke1 f5 25. exf5 gxf5 26. Nc3 a3 27. b3 Nc6 28.
Nb5 Re8 29. Kf2 Nd4 30. Nxa3 f4 31. Nf1 Bf5 32. c3 Nc6 33. Nc4 Kb7 34. g3 b5
35. Nb2 Bg7 36. Bxf4 Bxc3 37. Nd3 Kb6 38. Be3 Bd4 39. Bxd4 cxd4 40. g4 Bxd3 41.
Rxd3 Ra8 42. Rd2 Kc5 43. Ng3 Nb4 44. Ne4+ Kd5 45. Nc3+ Kc5 46. Ne4+ Kd5 47. a4
bxa4 48. Nc3+ Kc5 49. Nxa4+ Kd5 50. Nc3+ Kc5 51. Ne4+ Kd5 52. Nf6+ Kc5 53. Nxh7
Rh8 54. Nf6 Rxh2+ 55. Kg3 Rxd2 56. Ne4+ Kb5 57. Nxd2 Nd5 58. f4 Kb4 59. f5 Kc3
60. Ne4+ Kxb3 61. f6 Nc3 62. Nd2+ Kc2 63. f7 Kxd2 64. f8=Q d3 65. g5 Kc1 66.
Qf1+ Kc2 67. Qf5 c5 68. g6 c4 69. g7 Ne2+ 70. Kf2 Nd4 71. Qc5 1-0

[Event "N֖ Laandesliga 2015/16"]
[Site "?"]
[Date "2015.12.13"]
[Round "5.2"]
[White "Ehs, Dominik"]
[Black "Schirmbeck, Hannes"]
[Result "0-1"]
[WhiteElo "2061"]
[BlackElo "2128"]
[PlyCount "48"]
[EventDate "2015.09.27"]

1. e4 e5 2. Nf3 Nc6 3. Bc4 Nf6 4. Ng5 d5 5. exd5 Na5 6. Bb5+ c6 7. dxc6 bxc6 8.
Bd3 Nd5 9. Nf3 Bd6 10. Nc3 O-O 11. O-O f5 12. Be2 e4 13. Nd4 Qf6 14. Nxd5 cxd5
15. c3 f4 16. f3 Bc5 17. Qa4 Nc6 18. fxe4 Nxd4 19. cxd4 Bxd4+ 20. Kh1 dxe4 21.
Bc4+ Kh8 22. Bd5 f3 23. gxf3 Bh3 24. Qd1 Qg5 0-1

[Event "N֖ Landesliga 2015/16"]
[Site "?"]
[Date "2015.12.13"]
[Round "5.2"]
[White "Batyte, Daiva"]
[Black "Steiner, Heinz"]
[Result "1-0"]
[WhiteElo "2072"]
[BlackElo "2125"]
[PlyCount "85"]
[EventDate "2015.09.27"]

1. c4 e5 2. Nc3 Nf6 3. g3 d5 4. cxd5 Nxd5 5. Bg2 Nb6 6. e3 Be7 7. Nge2 O-O 8.
f4 exf4 9. Nxf4 c6 10. O-O N8d7 11. d4 Nf6 12. h3 Qc7 13. e4 Rd8 14. Be3 Bb4
15. Qe2 Bxc3 16. bxc3 Qe7 17. Bd2 Re8 18. Rae1 Bd7 19. Qf2 Rad8 20. Nd3 Na4 21.
Re3 Rf8 22. Nf4 Nb6 23. Bc1 Nc4 24. Ree1 Bc8 25. Qc2 b6 26. Nd3 h6 27. Kh2 c5
28. Qa4 Na5 29. e5 Nd5 30. c4 Nc3 31. Qa3 Nb1 32. Qb2 Rxd4 33. Qxb1 Nxc4 34.
Nf4 Rfd8 35. e6 f6 36. Qg6 Ne5 37. Qf5 Bb7 38. Ng6 Nxg6 39. Qxg6 Bxg2 40. Kxg2
Qb7+ 41. Kg1 Rd2 42. Bxd2 Rxd2 43. Qe4 1-0

[Event "N֖ Landesliga 2015/16"]
[Site "?"]
[Date "2015.12.13"]
[Round "5.3"]
[White "Schmidrathner, Christian"]
[Black "Kleiser, Gregor"]
[Result "1/2-1/2"]
[WhiteElo "2091"]
[BlackElo "2239"]
[PlyCount "109"]
[EventDate "2015.09.27"]

1. e4 d5 2. exd5 Nf6 3. d4 Bg4 4. Be2 Bxe2 5. Qxe2 Qxd5 6. Nf3 e6 7. O-O Nc6 8.
Nc3 Qh5 9. Bf4 O-O-O 10. Rad1 Nd5 11. Bg3 Bd6 12. Ne5 Qxe2 13. Nxe2 Bxe5 14.
Bxe5 Nxe5 15. dxe5 Nb4 16. Nd4 Rd5 17. c3 Rhd8 18. cxb4 Rxd4 19. Rxd4 Rxd4 20.
a3 g5 21. g3 Rd2 22. f4 g4 23. Rf2 Rd1+ 24. Kg2 Kd7 25. Rc2 c6 26. Kf2 h5 27.
Ke3 Rd5 28. Ke4 Kc7 29. f5 f6 30. exf6 Rxf5 31. Rc5 Rxf6 32. Rxh5 Rf2 33. Ke5
Rxb2 34. Rh7+ Kb6 35. Kxe6 a5 36. bxa5+ Kxa5 37. Rh4 Rf2 38. Rxg4 Rxh2 39. Rb4
b5 40. Rb3 c5 41. g4 c4 42. Rg3 Rd2 43. g5 Rd3 44. Rg1 Rxa3 45. g6 Kb4 46. g7
Ra8 47. g8=Q Rxg8 48. Rxg8 Kb3 49. Kd5 c3 50. Kd4 c2 51. Rc8 Kb2 52. Kd3 c1=Q
53. Rxc1 Kxc1 54. Kc3 b4+ 55. Kxb4 1/2-1/2

[Event "N� Landesliga 2015/16"]
[Site "?"]
[Date "2015.12.13"]
[Round "5.3"]
[White "W�ber, Friedrich"]
[Black "Wetscherek, Gerhard"]
[Result "1-0"]
[WhiteElo "2117"]
[BlackElo "2068"]
[Annotator "User,Windows"]
[PlyCount "107"]
[EventDate "2015.??.??"]

1. e4 d6 2. d4 g6 3. Nc3 Bg7 4. f4 c5 5. dxc5 Bxc3+ $6 6. bxc3 Qa5 $6 7. cxd6
Qxc3+ 8. Bd2 Qd4 9. Bd3 Qxd6 10. Bc3 Nf6 $2 11. Bb5+ Bd7 12. Qxd6 exd6 13. Bxf6
O-O 14. Bd3 Re8 15. O-O-O Bc6 16. Nf3 Nd7 17. Bb2 Nc5 18. e5 dxe5 19. fxe5 Rac8
20. Rhe1 Ba4 21. Nd4 Red8 22. Re3 b5 23. Nb3 $6 Bxb3 24. axb3 Nxb3+ 25. Kb1 Nc5
26. Be2 Rxd1+ 27. Bxd1 b4 28. Bg4 Rd8 29. Kc1 h5 30. Bf3 a5 31. Re1 a4 32. Rd1
Rc8 33. Kb1 a3 34. Ba1 b3 35. cxb3 Nxb3 36. Bd5 Nxa1 37. Kxa1 Rc2 38. Rf1 Rc7
39. Ka2 Rd7 40. Bb3 Ra7 41. Rf4 Kf8 42. e6 f5 43. Rd4 Ke7 44. h4 Ra5 45. Rd7+
Kf8 46. Rf7+ Ke8 47. Rg7 Re5 48. Rxg6 Re4 49. Kxa3 Rxh4 50. Rg8+ Ke7 51. Rg7+
Kf6 52. Rf7+ Kg6 53. Bc2 Rf4 54. Rxf5 1-0

[Event "N� Landesliga 2015/16"]
[Site "?"]
[Date "2015.12.13"]
[Round "5.3"]
[White "Reinwald, Patrick"]
[Black "Winiwarter, Felix"]
[Result "0-1"]
[WhiteElo "2161"]
[BlackElo "2091"]
[PlyCount "88"]
[EventDate "2015.??.??"]

1. d4 Nf6 2. c4 c5 3. d5 e6 4. Nc3 exd5 5. cxd5 d6 6. e4 g6 7. Nge2 Bg7 8. Ng3
O-O 9. Be2 a6 10. a4 Nbd7 11. O-O b6 12. Be3 Qe7 13. f3 Re8 14. Qd2 Qf8 15. Nh1
Bb7 16. Nf2 Rad8 17. Rab1 Rc8 18. Rfc1 Qe7 19. Nd3 Nxd5 20. Nxd5 Bxd5 21. Nxc5
Ba2 22. Nxd7 Bxb1 23. Nxb6 Rxc1+ 24. Qxc1 Bxe4 25. fxe4 Qxe4 26. Kf2 Qh4+ 27.
Kf1 Qxh2 28. Bg1 Qe5 29. Qc2 d5 30. Bf2 Qd6 31. Kg1 d4 32. Bxa6 Qxb6 33. Bb5
Rd8 34. b4 Bh6 35. Qd3 Be3 36. a5 Bxf2+ 37. Kxf2 Qd6 38. Qd2 d3 39. Ba4 Qd4+
40. Kf1 Rd5 41. Bc6 Re5 42. Bf3 Qa1+ 43. Kf2 Qd4+ 44. Kf1 Rb5 0-1

[Event "N� Landesliga 2015/16"]
[Site "?"]
[Date "2015.12.13"]
[Round "5.3"]
[White "Wasl, Ernst"]
[Black "Sulzgruber, Robin"]
[Result "1-0"]
[WhiteElo "2023"]
[BlackElo "2056"]
[PlyCount "43"]
[EventDate "2015.??.??"]

1. d4 Nf6 2. c4 g6 3. Nc3 d5 4. Qb3 dxc4 5. Qxc4 Bg7 6. Bf4 c6 7. e4 O-O 8. Nf3
Qa5 9. b4 Qb6 10. Rb1 Be6 11. Qd3 Nh5 12. Be3 Qc7 13. Qd2 f5 14. Ng5 Bc8 15.
Bc4+ Kh8 16. f3 fxe4 17. fxe4 h6 18. Nf7+ Kh7 19. O-O Nd7 20. e5 Nb6 21. Bd3
Be6 22. Bxg6+ 1-0

[Event "N֖ Landesliga 2015/16"]
[Site "?"]
[Date "2015.12.13"]
[Round "5.4"]
[White "Juhasz, Kristof"]
[Black "Jankovic, Alojzije"]
[Result "0-1"]
[WhiteElo "2354"]
[BlackElo "2548"]
[PlyCount "78"]
[EventDate "2015.09.27"]
[Source "ChessBase"]
[SourceDate "1994.09.01"]

1. Nf3 Nf6 2. g3 g6 3. b3 Bg7 4. Bb2 d6 5. d4 c5 6. Bg2 cxd4 7. Nxd4 d5 8. O-O
O-O 9. c4 e5 10. Nf3 e4 11. Nd4 dxc4 12. bxc4 Na6 13. Nc3 Qe7 14. Qb3 b6 15.
Nc6 Qe6 16. Nd5 Re8 17. Nd4 Qd7 18. Nxf6+ Bxf6 19. Rfd1 Nc5 20. Qc2 Qa4 21. Nb3
Bxb2 22. Qxb2 Qxc4 23. Rac1 Qb5 24. Qf6 Qxe2 25. Nxc5 bxc5 26. Re1 Qd2 27. Rcd1
Qa5 28. Rxe4 Be6 29. Rde1 Rab8 30. Re5 Qxa2 31. Rxc5 Rb1 32. Rcc1 Rxc1 33. Rxc1
a5 34. h4 a4 35. h5 Qd2 36. Ra1 a3 37. Bf1 Qb2 38. Qxb2 axb2 39. Rb1 Rb8 0-1

[Event "N֖ Landesliga 2015/16"]
[Site "?"]
[Date "2015.12.13"]
[Round "5.4"]
[White "Lendwai, Reinhard"]
[Black "Theissl-Pokorna, Regina"]
[Result "1/2-1/2"]
[WhiteElo "2359"]
[BlackElo "2362"]
[PlyCount "48"]
[EventDate "2015.09.27"]
[Source "ChessBase"]
[SourceDate "1994.09.01"]

1. d4 Nf6 2. c4 e6 3. Nc3 Bb4 4. Nf3 b6 5. Qc2 c5 6. a3 Bxc3+ 7. Qxc3 O-O 8.
Bg5 h6 9. Bxf6 Qxf6 10. e3 Bb7 11. Be2 cxd4 12. Qxd4 Qxd4 13. exd4 Rc8 14. Rc1
d6 15. O-O Nd7 16. Nd2 Rc7 17. Rc3 Rac8 18. Rfc1 Kf8 19. h4 g6 20. Bf3 Ba6 21.
g4 Ke7 22. Kg2 Kf6 23. Ne4+ Ke7 24. Nd2 Kf6 1/2-1/2

[Event "N֖ Landesliga 2015/16"]
[Site "?"]
[Date "2015.12.13"]
[Round "5.4"]
[White "Juhasz, Armin"]
[Black "Rudolf, Herbert"]
[Result "1/2-1/2"]
[WhiteElo "2315"]
[BlackElo "2117"]
[PlyCount "92"]
[EventDate "2015.09.27"]
[Source "ChessBase"]
[SourceDate "1994.09.01"]

1. Nf3 Nf6 2. c4 d6 3. d4 Bg4 4. Qb3 Qc8 5. g3 Nc6 6. d5 Ne5 7. Nxe5 dxe5 8.
Bg2 g6 9. Nc3 Bg7 10. h3 Bd7 11. e4 O-O 12. Be3 c5 13. dxc6 Bxc6 14. Nd5 Re8
15. Bg5 h6 16. Bxf6 exf6 17. O-O Bxd5 18. exd5 e4 19. d6 Qd7 20. c5 b6 21. Qd5
bxc5 22. Bxe4 Rad8 23. Bxg6 Kf8 24. Bc2 Qxd6 25. Qf3 Qe5 26. Rab1 Rd2 27. Bb3
f5 28. Rbd1 Rxd1 29. Rxd1 Qe4 30. Qh5 c4 31. Ba4 Rb8 32. Rd7 Qe6 33. Qd1 Bf6
34. Rd6 Qe5 35. Rd5 Qe6 36. Bd7 Qe7 37. Bb5 Qe4 38. Bc6 Qe7 39. Rd7 Qe6 40. Rd6
Qe5 41. Rd5 Qe6 42. Bd7 Qe7 43. Bxf5 Rxb2 44. Kg2 Qe3 45. Bc2 Qc3 46. Rd2 Rxa2
1/2-1/2

[Event "N֖ Landesliga 2015/16"]
[Site "?"]
[Date "2015.12.13"]
[Round "5.4"]
[White "Juenger, Heinz"]
[Black "Lampl, Gerald"]
[Result "1-0"]
[WhiteElo "2143"]
[BlackElo "2118"]
[PlyCount "48"]
[EventDate "2015.09.27"]
[Source "ChessBase"]
[SourceDate "1994.09.01"]

1. d4 Nf6 2. c4 e6 3. g3 Bb4+ 4. Bd2 Bxd2+ 5. Nxd2 c5 6. dxc5 a5 7. Bg2 Qc7 8.
Ngf3 Qxc5 9. O-O O-O 10. Rc1 a4 11. Ne1 Nc6 12. Nd3 Qd4 13. c5 b5 14. Nf3 Qd5
15. a3 Rb8 16. Nfe5 Ne4 17. Nxc6 Qxc6 18. Nb4 Qa8 19. c6 d5 20. Bxe4 dxe4 21.
Qd4 e5 22. Qxe4 Be6 23. Rfd1 Rbd8 24. Qxe5 Bc4 1-0

[Event "N֖ Landesliga 2015/16"]
[Site "?"]
[Date "2015.12.13"]
[Round "5.5"]
[White "Buchnicek, Petr"]
[Black "Wagner, Stefan"]
[Result "1/2-1/2"]
[WhiteElo "2307"]
[BlackElo "2147"]
[PlyCount "84"]
[EventDate "2015.09.27"]

1. e4 d5 2. exd5 Qxd5 3. Nc3 Qa5 4. d4 Nf6 5. Bc4 c6 6. Bd2 Bf5 7. Nf3 e6 8.
Qe2 Bb4 9. O-O-O Nbd7 10. a3 Bxc3 11. Bxc3 Qc7 12. Ne5 Nxe5 13. dxe5 Nd5 14.
Bd2 O-O-O 15. g4 Bg6 16. f4 h5 17. h3 Qb6 18. Rhf1 hxg4 19. hxg4 Qc5 20. Bb3
Rh3 21. Rf3 Rdh8 22. Rdf1 Rh2 23. Qe1 Qd4 24. f5 exf5 25. gxf5 Bh5 26. Rd3 Qg4
27. Bxd5 Re2 28. Qg3 cxd5 29. Rc3+ Kb8 30. Bf4 Ka8 31. Kb1 Qxf5 32. Qxg7 Rc8
33. Bc1 Qd7 34. Rxf7 Bxf7 35. Qxf7 Qe8 36. Qxe8 Rxe8 37. Bf4 a6 38. Rd3 Re4 39.
Bg3 d4 40. Kc1 b5 41. Kd2 Rg8 42. Bf2 Rxe5 1/2-1/2

[Event "N֖ Landesliga 2015/16"]
[Site "?"]
[Date "2015.12.13"]
[Round "5.5"]
[White "Plasil, Jiri"]
[Black "Zwettler, Martin"]
[Result "1/2-1/2"]
[WhiteElo "2118"]
[BlackElo "2272"]
[PlyCount "66"]
[EventDate "2015.09.27"]

1. d4 g6 2. c4 Bg7 3. Nc3 c5 4. Nf3 cxd4 5. Nxd4 Nc6 6. e3 Nf6 7. Be2 O-O
8. O-O Nxd4 9. Qxd4 d6 10. e4 a6 11. Qd3 Bd7 12. Rb1 b5 13. cxb5 axb5 14. a3
Qb8 15. Bd2 Qb7 16. f3 Rab8 17. Bg5 Bc6 18. Rbd1 Rfc8 19. Qd2 b4 20. axb4 Qxb4
21. Be3 Bd7 22. Rc1 Be6 23. Nb1 Qxd2 24. Bxd2 Rxc1 25. Rxc1 d5 26. e5 Nd7 27.
f4 f6 28. exf6 Bxf6 29. b4 Nb6 30. Nc3 Kf7 31. Kf2 Bd4+ 32. Kg3 Nc8 33. Bg4 Nd6
1/2-1/2

[Event "N֖ Landesliga 2015/16"]
[Site "?"]
[Date "2015.12.13"]
[Round "5.5"]
[White "Fiala, Vaclav"]
[Black "Popelka, Oldrich"]
[Result "0-1"]
[WhiteElo "2241"]
[BlackElo "2138"]
[PlyCount "119"]
[EventDate "2015.09.27"]

1. e4 c5 2. c3 d6 3. d4 Nf6 4. Bd3 cxd4 5. cxd4 g6 6. Nc3 Bg7 7. Nf3 O-O 8.
O-O Nc6 9. d5 Nb4 10. a3 Nxd3 11. Qxd3 Bd7 12. h3 Qc7 13. Be3 Rfc8 14. Rfc1 Qc4
15. Qb1 a5 16. b3 Qa6 17. Nd4 Rc7 18. Ra2 Rac8 19. Nce2 Ne8 20. a4 Rxc1+ 21.
Nxc1 Rc7 22. Rc2 b5 23. Nce2 bxa4 24. Rxc7 Nxc7 25. Qc2 Qb7 26. bxa4 Na6 27.
Qc4 Nc5 28. Nc3 Qb4 29. Qxb4 axb4 30. Ncb5 Nxa4 31. Nc6 b3 32. Na3 e6 33. Bd2
exd5 34. exd5 Nc3 35. Bxc3 Bxc3 36. Kf1 Kf8 37. g4 h6 38. Nb1 Bf6 39. f3 Ke8
40. Ke2 Bxc6 41. dxc6 Kd8 42. Kd3 Kc7 43. Kc4 Kxc6 44. Kxb3 Kd5 45. Kc2 Kd4 46.
Kd2 Bg5+ 47. Ke2 h5 48. Na3 d5 49. Nb5+ Ke5 50. Nc3 Bd8 51. Kd3 Kf4 52. Nxd5+
Kxf3 53. Kd4 Kg3 54. Ke4 Kxh3 55. Kf3 Kh2 56. Kf2 Bg5 57. Kf3 Bd2 58. Kf2 Kh3
59. Kf3 Kh2 60. Kf2 0-1

[Event "N֖ Landesliga 2015/16"]
[Site "?"]
[Date "2016.01.17"]
[Round "6.1"]
[White "Wagner, Stefan"]
[Black "Theissl-Pokorna, Regina"]
[Result "1/2-1/2"]
[WhiteElo "2147"]
[BlackElo "2362"]
[PlyCount "105"]
[EventDate "2015.09.27"]

1. c4 e6 2. g3 d5 3. Nf3 Nf6 4. Bg2 dxc4 5. Qa4+ Nbd7 6. Qxc4 a6 7. d4 b5 8.
Qc2 Bb7 9. O-O c5 10. a4 b4 11. Bg5 Rc8 12. dxc5 Bxc5 13. Bxf6 Nxf6 14. Qb3 a5
15. Nbd2 Be7 16. Rac1 O-O 17. Qe3 Nd5 18. Qd3 Nb6 19. Qxd8 Rfxd8 20. Nb3 Rxc1
21. Rxc1 Rc8 22. Rxc8+ Bxc8 23. Nxa5 Nxa4 24. b3 Nc3 25. e3 f6 26. Nd4 e5 27.
Nac6 Bf8 28. Nc2 Be6 29. N2xb4 Bxb3 30. Kf1 g5 31. Ke1 Kg7 32. f4 exf4 33. exf4
gxf4 34. gxf4 Bd6 35. Kd2 Nb5 36. Ke3 Na7 37. Nd3 Nxc6 38. Bxc6 f5 39. Bd7 Kf6
40. Bb5 Bd5 41. Be8 Be4 42. Bb5 Bc7 43. Kf2 Bb6+ 44. Kg3 Ba5 45. Bc4 Bc3 46.
Kf2 Bd4+ 47. Kg3 Ke7 48. Ne5 Bc3 49. Nf3 h6 50. Be2 Bb4 51. Bc4 Bc3 52. Be2 Bb4
53. Bc4 1/2-1/2

[Event "N֖ Landesliga 2015/16"]
[Site "?"]
[Date "2016.01.17"]
[Round "6.1"]
[White "Juhasz, Kristof"]
[Black "Khalakhan, Jurij"]
[Result "1-0"]
[WhiteElo "2354"]
[BlackElo "2236"]
[PlyCount "45"]
[EventDate "2015.09.27"]

1. Nf3 Nf6 2. c4 c6 3. d4 d5 4. e3 Bf5 5. Nc3 a6 6. Qb3 b5 7. c5 a5 8. Ne5 a4
9. Qd1 Nfd7 10. Nxf7 Kxf7 11. Qf3 Ke6 12. g4 Bc2 13. e4 Nf6 14. exd5+ cxd5 15.
Qe2+ Be4 16. f3 Nc6 17. Nxb5 Kf7 18. fxe4 Nxe4 19. Bg2 e6 20. O-O+ Nf6 21. g5
Ra5 22. gxf6 gxf6 23. Qh5+ 1-0

[Event "N֖ Landesliga 2015/16"]
[Site "?"]
[Date "2016.01.17"]
[Round "6.1"]
[White "Bauer, Thomas"]
[Black "Lechner, Daniel"]
[Result "1/2-1/2"]
[WhiteElo "2010"]
[BlackElo "2232"]
[PlyCount "30"]
[EventDate "2015.09.27"]

1. e4 c5 2. Nf3 d6 3. d4 cxd4 4. Nxd4 Nf6 5. Nc3 a6 6. Bg5 e6 7. f4 Qb6 8. Qd3
Nc6 9. Nb3 Ng4 10. Qf3 h6 11. Bh4 g5 12. Qxg4 Qe3+ 13. Qe2 Qxe2+ 14. Bxe2 gxh4
15. Na4 Bd7 1/2-1/2

[Event "N֖ Landesliga 2015/16"]
[Site "?"]
[Date "2016.01.17"]
[Round "6.1"]
[White "Lampl, Gerald"]
[Black "Plasil, Jiri"]
[Result "1/2-1/2"]
[WhiteElo "2118"]
[BlackElo "2118"]
[PlyCount "150"]
[EventDate "2015.09.27"]

1. d4 d5 2. c4 e6 3. Nf3 c6 4. g3 Nf6 5. Bg2 Bd6 6. O-O Nbd7 7. b3 Ne4 8. Ba3
Qa5 9. Bxd6 Nxd6 10. Nbd2 O-O 11. c5 Ne8 12. e4 dxe4 13. Ng5 h6 14. Ngxe4 Ndf6
15. Nc4 Qd8 16. Ned6 Nxd6 17. Nxd6 Qd7 18. Qd2 Rd8 19. Rfd1 Ne8 20. Nc4 Qc7 21.
a4 Rb8 22. Qc2 Qe7 23. a5 a6 24. b4 Nc7 25. Qe4 Bd7 26. Qe5 Be8 27. Nd6 f6 28.
Qe1 Qd7 29. Qe2 Bf7 30. Rd2 Ne8 31. Nc4 Qc7 32. Rad1 Rd7 33. Nb6 Re7 34. Re1
Kf8 35. Qg4 Rd8 36. Qd1 Qb8 37. Bf1 Nc7 38. Bc4 Nd5 39. Bxd5 cxd5 40. Qc2 Bh5
41. c6 bxc6 42. Qxc6 Be8 43. Qc5 Kf7 44. Rc1 Bb5 45. Rdd1 Ree8 46. Qc3 Rd6 47.
Qf3 Rc6 48. Nd7 Rxc1 49. Nxb8 Rxd1+ 50. Qxd1 Rxb8 51. Qh5+ Kf8 52. Qg4 Kf7 53.
Qf4 Re8 54. h4 e5 55. Qf5 g6 56. Qf3 Bc4 57. h5 exd4 58. hxg6+ Kg7 59. b5 Bxb5
60. Qxd5 Kxg6 61. Qxd4 Re5 62. f4 Re2 63. Qc5 h5 64. Qd5 f5 65. Qg8+ Kf6 66.
Qh7 Ke6 67. Qxh5 Bd3 68. Qh8 Kd5 69. g4 fxg4 70. Qg8+ Ke4 71. Qxg4 Re1+ 72. Kg2
Re2+ 73. Kg3 Re3+ 74. Kg2 Re2+ 75. Kg3 Re3+ 1/2-1/2

[Event "N֖ Landesliga 2015/16"]
[Site "?"]
[Date "2016.01.17"]
[Round "6.2"]
[White "Reinwald, Patrick"]
[Black "Juenger, Heinz"]
[Result "1/2-1/2"]
[WhiteElo "2231"]
[BlackElo "2143"]
[PlyCount "137"]
[EventDate "2015.09.27"]

1. d4 Nf6 2. c4 g6 3. Nc3 d5 4. Nf3 Bg7 5. Qb3 dxc4 6. Qxc4 O-O 7. e4 Nc6 8.
Be2 Bg4 9. d5 Na5 10. Qa4 Bxf3 11. Bxf3 c6 12. O-O b5 13. Qb4 a6 14. Rd1 Nd7
15. Be3 c5 16. Bxc5 Nxc5 17. Qxc5 Nc4 18. Qb4 Rc8 19. Rd3 Qd6 20. Qb3 Nxb2 21.
Qxb2 b4 22. Rb1 bxc3 23. Qc2 Rb8 24. Rb3 a5 25. Bd1 a4 26. Rxb8 Rxb8 27. Qxa4
Qb4 28. Kf1 Qxa4 29. Bxa4 Rb2 30. d6 exd6 31. Rxd6 c2 32. Rd8+ Bf8 33. Bxc2
Rxc2 34. a4 Rc4 35. f3 Rxa4 36. Kf2 Kg7 37. Kg3 Bc5 38. Rd7 Rd4 39. Ra7 Bd6+
40. Kh3 h5 41. Rd7 Be5 42. Re7 Kf6 43. Rb7 Ke6 44. Rb6+ Rd6 45. Rb7 Ra6 46. Rb3
Bd6 47. Rb5 Rc6 48. Ra5 f6 49. Ra8 Rc1 50. Ra7 f5 51. exf5+ Kxf5 52. Ra6 Be5
53. Ra4 Rc3 54. Ra5 Re3 55. Kh4 Re2 56. Kh3 g5 57. g4+ hxg4+ 58. fxg4+ Ke6 59.
Ra6+ Bd6 60. Ra2 Re3+ 61. Kg2 Re4 62. Kh3 Bf4 63. Re2 Re3+ 64. Rxe3+ Bxe3 65.
Kg2 Bd2 66. h4 gxh4 67. g5 Kf7 68. g6+ Kg7 69. Kh3 1/2-1/2

[Event "N֖ Landesliga 2015/16"]
[Site "?"]
[Date "2016.01.17"]
[Round "6.2"]
[White "Zojer, Stefan"]
[Black "Sulzgruber, Robin"]
[Result "1-0"]
[WhiteElo "2109"]
[BlackElo "2241"]
[PlyCount "73"]
[EventDate "2015.09.27"]

1. e4 c5 2. Nc3 d6 3. f4 g6 4. Nf3 Bg7 5. Bb5+ Nc6 6. O-O Nf6 7. d3 O-O 8. Bxc6
bxc6 9. Qe1 Nd7 10. f5 Rb8 11. Qh4 Ne5 12. Nxe5 Bxe5 13. Rf3 Bf6 14. Bg5 Bxg5
15. Qxg5 f6 16. Qg3 Kg7 17. b3 Qa5 18. Ne2 Qd2 19. Nf4 g5 20. h4 h6 21. hxg5
fxg5 22. Ng6 Qc3 23. Raf1 Qf6 24. Nxe7 Bd7 25. Ng6 Rfd8 26. e5 dxe5 27. Nxe5
Be8 28. Ng4 Qd4+ 29. Kh1 Bh5 30. f6+ Kf8 31. Qc7 Qd7 32. Qxd7 Rxd7 33. Ne5 Rd5
34. Re3 Re8 35. Rfe1 Rd6 36. Rh3 Rxf6 37. Rxh5 1-0

[Event "N֖ Landesliga 2015/16"]
[Site "?"]
[Date "2016.01.17"]
[Round "6.2"]
[White "Wetscherek, Gerhard"]
[Black "Trippold, Denise"]
[Result "1-0"]
[WhiteElo "2108"]
[BlackElo "1999"]
[PlyCount "89"]
[EventDate "2015.09.27"]

1. e4 c5 2. Nf3 Nc6 3. Bc4 e6 4. O-O a6 5. a4 Qc7 6. c3 Nf6 7. Qe2 d6 8. d4 Na5
9. Na3 Nxc4 10. Nxc4 cxd4 11. cxd4 Nxe4 12. a5 d5 13. Nb6 Rb8 14. Ng5 Nf6 15.
Bd2 Bd7 16. Rfe1 Bd6 17. Rac1 Qd8 18. Nh3 Bb5 19. Qf3 O-O 20. Bg5 Bb4 21. Bf4
Bxa5 22. Bc7 Qe8 23. Nxd5 Bxe1 24. Nxf6+ gxf6 25. Qxf6 e5 26. Bxe5 Qxe5 27.
dxe5 Bd2 28. Rd1 Rbc8 29. Nf4 Rc6 30. Qf5 Ba4 31. Ra1 Bb3 32. Nh5 Bc2 33. Nf6+
Kh8 34. Qd7 Bf4 35. Qxb7 Rfc8 36. Rxa6 R6c7 37. Qb6 Bd3 38. g3 Bxa6 39. gxf4
Bb7 40. h3 Rc1+ 41. Kh2 Ba8 42. Qb3 R8c7 43. Qd3 Rh1+ 44. Kg3 Rg1+ 45. Kh4 1-0

[Event "N֖ Landesliga 2015/16"]
[Site "?"]
[Date "2016.01.17"]
[Round "6.3"]
[White "Fr�wis, Georg"]
[Black "Knoll, Hermann"]
[Result "0-1"]
[WhiteElo "2434"]
[BlackElo "2309"]
[PlyCount "110"]
[EventDate "2015.09.27"]

1. Nf3 c5 2. c4 Nf6 3. e3 g6 4. d4 Bg7 5. d5 O-O 6. Nc3 d6 7. h3 e6 8. Bd3 exd5
9. cxd5 a6 10. a4 Re8 11. O-O Nbd7 12. Nd2 Rb8 13. e4 Nh5 14. Nc4 Ne5 15. Nxe5
Bxe5 16. f4 Bd4+ 17. Kh2 Qh4 18. Qf3 Nf6 19. f5 gxf5 20. exf5 Be5+ 21. g3 Kh8
22. Ne2 Qb4 23. Bf4 Bd7 24. Rac1 b5 25. g4 Qxb2 26. Rc2 Qb3 27. g5 Nxd5 28.
Bxe5+ Rxe5 29. g6 Nf6 30. Qg3 Nh5 31. Qf3 fxg6 32. fxg6 Qe6 33. gxh7 Qe7 34.
Ng1 Ng7 35. Rcf2 Bf5 36. Qg3 Re3 37. Rf3 Rxd3 38. Rxd3 Bxd3 39. Qxd3 bxa4 40.
Nf3 Rb2+ 41. Kh1 Qe2 42. Qxe2 Rxe2 43. Ng5 Ne6 44. Nf7+ Kxh7 45. Ra1 d5 46.
Rxa4 Kg7 47. Nd6 Kf6 48. Rxa6 Ke5 49. Kg1 c4 50. Kf1 Nf4 51. Rc6 Kd4 52. Nb5+
Ke3 53. Nd6 Rf2+ 54. Kg1 Ne2+ 55. Kh1 Ng3+ 0-1

[Event "N֖ Landesliga 2015/16"]
[Site "?"]
[Date "2016.01.17"]
[Round "6.3"]
[White "Mostbauer, Florian"]
[Black "Kleiser, Gregor"]
[Result "1/2-1/2"]
[WhiteElo "2200"]
[BlackElo "2242"]
[PlyCount "83"]
[EventDate "2015.09.27"]

1. c4 Nf6 2. g3 d5 3. cxd5 Nxd5 4. Bg2 e6 5. Nc3 Be7 6. Qb3 c6 7. d4 Qb6 8.
Qxb6 axb6 9. Bd2 b5 10. Nf3 Nd7 11. O-O O-O 12. a3 N7b6 13. Ne5 Bf6 14. f4 Nc4
15. Nxc4 Bxd4+ 16. e3 Bxc3 17. Bxc3 bxc4 18. e4 Nxc3 19. bxc3 e5 20. Rfb1 b5
21. a4 Bg4 22. h3 Be2 23. axb5 Rxa1 24. Rxa1 cxb5 25. Ra5 Rb8 26. Kf2 Bd3 27.
fxe5 Kf8 28. Ke3 g6 29. h4 h5 30. Bh3 b4 31. cxb4 Rxb4 32. e6 fxe6 33. Bxe6 Rb2
34. Kd4 Re2 35. Bd5 Rg2 36. Ra8+ Kg7 37. Ra7+ Kh6 38. Bg8 g5 39. hxg5+ Kxg5 40.
Bxc4 Bxc4 41. Kxc4 Rxg3 42. Rg7+ 1/2-1/2

[Event "N֖ Landesliga 2015/16"]
[Site "?"]
[Date "2016.01.17"]
[Round "6.3"]
[White "Bukacek, Emil"]
[Black "Ehs, Dominik"]
[Result "0-1"]
[WhiteElo "2143"]
[BlackElo "2061"]
[PlyCount "54"]
[EventDate "2015.09.27"]

1. e4 c5 2. c3 Nf6 3. e5 Nd5 4. d4 cxd4 5. cxd4 e6 6. Nf3 b6 7. Bd3 Bb7 8. O-O
d6 9. Nc3 Nxc3 10. bxc3 Nd7 11. Bf4 Qc7 12. Rc1 Be7 13. Re1 O-O 14. Ng5 h6 15.
Nf3 dxe5 16. Nxe5 Nxe5 17. Bxe5 Bd6 18. f4 Bxe5 19. fxe5 Qe7 20. Re3 f5 21.
exf6 Qxf6 22. Qe2 Bd5 23. Rd1 Rad8 24. c4 Bb7 25. Rxe6 Qxd4+ 26. Qe3 Qg4 27.
Rd2 Rxd3 0-1

[Event "N֖ Landesliga 2015/16"]
[Site "?"]
[Date "2016.01.17"]
[Round "6.3"]
[White "Steiner, Heinz"]
[Black "Winiwarter, Felix"]
[Result "1/2-1/2"]
[WhiteElo "2125"]
[BlackElo "2117"]
[PlyCount "77"]
[EventDate "2015.09.27"]

1. c4 Nf6 2. Nc3 g6 3. e4 d6 4. d4 Bg7 5. Be2 O-O 6. Bg5 c5 7. d5 b5 8. cxb5 a6
9. Qd2 axb5 10. Bxb5 Qa5 11. Bd3 e6 12. Nge2 exd5 13. exd5 Bb7 14. Bc4 Nbd7 15.
Rd1 Nb6 16. b3 Nxc4 17. bxc4 Ba6 18. O-O Bxc4 19. Qf4 Bxe2 20. Nxe2 Nh5 21.
Qxd6 Rfe8 22. Nc1 f6 23. Bd2 Qb5 24. Rfe1 Bf8 25. Rxe8 Rxe8 26. Qc7 Qa4 27. Rf1
Qd4 28. Qc6 Rd8 29. Nb3 Qxd5 30. Qxd5+ Rxd5 31. Be3 c4 32. Nd4 f5 33. g3 Bg7
34. Ne6 Bb2 35. Bc1 Be5 36. Be3 Bb2 37. Bc1 Be5 38. Be3 Bb2 39. Bc1 1/2-1/2